Issun Bôshi : (Registro nro. 4228)

Detalles MARC
000 -LEADER
fixed length control field 01059nam a2200241Ia 4500
003 - CONTROL NUMBER IDENTIFIER
control field OSt
005 - DATE AND TIME OF LATEST TRANSACTION
control field 20200713213628.0
008 - FIXED-LENGTH DATA ELEMENTS--GENERAL INFORMATION
fixed length control field 191128s2016 ck a br 000 f spa d
020 ## - INTERNATIONAL STANDARD BOOK NUMBER
International Standard Book Number 9789588954332
040 ## - CATALOGING SOURCE
Original cataloging agency CO-JMCR
Transcribing agency CO-JMCR
041 ## - LANGUAGE CODE
Language code of text/sound track or separate title spa
082 04 - DEWEY DECIMAL CLASSIFICATION NUMBER
Classification number N /
Item number ICIi
100 1# - MAIN ENTRY--PERSONAL NAME
Personal name Icinori,
Relator term autor
9 (RLIN) 7164
245 10 - TITLE STATEMENT
Title Issun Bôshi :
Remainder of title el niño que no era más alto que un pulgar /
Statement of responsibility, etc. Icinori ; traducción Teresa Duran
260 14 - PUBLICATION, DISTRIBUTION, ETC.
Place of publication, distribution, etc. Bogotá :
Name of publisher, distributor, etc. Ekaré,
Date of publication, distribution, etc. 2016
300 ## - PHYSICAL DESCRIPTION
Other physical details ilustraciones a color :
Extent 30 páginas sin numerar ;
Dimensions 33 cm.
490 0# - SERIES STATEMENT
Series statement Leer es mi cuento
500 ## - GENERAL NOTE
General note Plan Nacional de Lectura y Escritura. Leer es mi cuento. Recomendado apartir de los 6 años.
520 ## - SUMMARY, ETC.
Summary, etc. Había una pareja de campesinos que no tenía hijos. Todos los días, se alentaban cantando: "Queremos un hijo nuestro, aunque sea chiquitín. Lo amaremos pequeño, pequeñito, pequeñín…". Su deseo se cumplió. Al niño lo llamaron Issun Bôshi.
650 14 - SUBJECT ADDED ENTRY--TOPICAL TERM
Topical term or geographic name entry element Cuentos infantiles
9 (RLIN) 7165
700 ## - ADDED ENTRY--PERSONAL NAME
Personal name Duran, Teresa,
Relator term traductora
9 (RLIN) 2953
942 ## - ADDED ENTRY ELEMENTS (KOHA)
Source of classification or shelving scheme Dewey Decimal Classification
Koha item type Books
Existencias
Withdrawn status Lost status Source of classification or shelving scheme Damaged status Not for loan Collection code Home library Current library Date acquired Source of acquisition Coded location qualifier Total Checkouts Total Renewals Full call number Barcode Date last seen Date last checked out Copy number Price effective from Koha item type
    Dewey Decimal Classification     Fiction Biblioteca Pública José María del Castillo y Rada Biblioteca Pública José María del Castillo y Rada 11/28/2019 Donación $0 6 1 N / ICIi 201809058 02/16/2026 02/16/2026 Ej.1 11/28/2019 Books